| 000 | 00877nam a22003014a 4500 | ||
|---|---|---|---|
| 001 | UByD002966 | ||
| 003 | AR-LpoUNG | ||
| 005 | 20240718094143.0 | ||
| 008 | 240718s2023||||ag o g 000|1 spa d | ||
| 020 | _a9789878286129 | ||
| 040 |
_aAR-LpoUNG _bspa _cAR-LpoUNG _eaacr |
||
| 041 | 0 | _aspa | |
| 044 | _aag | ||
| 082 | 0 | 4 | _aA863 87mon |
| 100 | 1 |
_aPourtalé, Francisco _ecomp. |
|
| 245 | 1 | 0 | _aMonólogo del tanque |
| 250 | _a1ra ed. | ||
| 260 |
_aBuenos Aires : _bEdiciones Bonaerenses, _c2023. |
||
| 300 |
_a23 p. : _bfot. |
||
| 520 | _aTexto elaborado por los alumnos del Taller Literario de la Escuela de Educación Primaria de Adultos de la Penitenciaría de Lisandro Olmos. | ||
| 650 | 4 | _aARGENTINA | |
| 650 | 4 | _aAPRECIACION LITERARIA | |
| 650 | 4 | _aLITERATURA | |
| 650 | 4 | _aFICCION | |
| 653 | 0 | _aCUENTOS CORTOS | |
| 905 | _a45174 | ||
| 942 |
_cLIB _2ddc |
||
| 999 |
_c65535 _d65535 |
||